2 The Sky - Delaossa - Estadísticas

Estadísticas generales
  • Esta prueba ha sido intentada 5 veces
  • La puntuación promedio es 225 de 344
Estadísticas de respuestas
Hint Respuesta % Correcto
a
100%
A
100%
al
100%
cero
100%
ceros
100%
cielo
100%
cima
100%
con
100%
de
100%
ego
100%
el
100%
El
100%
en
100%
es
100%
esos
100%
falsos
100%
fiar
100%
gente
100%
Verso 1 Habría
100%
habría
100%
la
100%
La
100%
lo
100%
Málaga
100%
Me
100%
me
100%
mira
100%
No
100%
no
100%
O
100%
Palo
100%
que
100%
Que
100%
seis
100%
Verso 2 Si
100%
te
100%
to
100%
tu
100%
ver
100%
veros
100%
Veros
100%
y
100%
Y
100%
apego
75%
camino
75%
consejeros
75%
cuando
75%
Cuando
75%
del
75%
Diego
75%
dinero
75%
eres
75%
estadio
75%
género
75%
géneros
75%
go
75%
gustaría
75%
he
75%
He
75%
hecho
75%
hubiera
75%
hubiérais
75%
Las
75%
ley
75%
lleno
75%
los
75%
mundo
75%
Os
75%
otros
75%
parece
75%
probando
75%
rechazando
75%
Interludio Siempre
75%
siempre
75%
tantos
75%
tuyo
75%
un
75%
Worldwide
75%
aguantando
50%
alabanzas
50%
amigos
50%
bajé
50%
barco
50%
barrio
50%
buenos
50%
business
50%
cabeza
50%
cantando
50%
complaciente
50%
Delaossa
50%
drogas
50%
duelo
50%
enredo
50%
esto
50%
estómago
50%
Fuck
50%
golfo
50%
hay
50%
intuición
50%
juego
50%
luego
50%
Madrugá
50%
mantén
50%
menos
50%
modelos
50%
nadie
50%
ni
50%
niñato
50%
nuevos
50%
pensé
50%
pies
50%
raperos
50%
saque
50%
Seguir
50%
suelo
50%
tendría
50%
Tendría
50%
todo
50%
up
50%
veces
50%
veneno
50%
Intro Wake
50%
Yo
50%
yo
50%
agradar
25%
aguantar
25%
ajenos
25%
bien
25%
casi
25%
celos
25%
chaval
25%
combo
25%
creí
25%
Cuida
25%
decisión
25%
desconfía
25%
después
25%
echaría
25%
empezaba
25%
entero
25%
ese
25%
estuviera
25%
foco
25%
fuego
25%
hace
25%
hambre
25%
Hammurabi
25%
han
25%
hasta
25%
hubiese
25%
humilde
25%
inmerso
25%
intentes
25%
jugado
25%
lets
25%
libre
25%
Lujuria
25%
mentir
25%
micro
25%
miedo
25%
mujeriego
25%
Ojalá
25%
para
25%
paralelo
25%
pasao
25%
penurias
25%
perdí
25%
pero
25%
por
25%
presión
25%
puesto
25%
punto
25%
recién
25%
robao
25%
salas
25%
ser
25%
Ser
25%
soñando
25%
Space
25%
también
25%
teniendo
25%
va
25%
vacías
25%
vino
25%
vivir
25%
volver
25%
voy
25%
vuestro
25%
ahí
0%
andando
0%
antes
0%
anzuelo
0%
asientos
0%
cada
0%
Cadenas
0%
cautela
0%
cuero
0%
diera
0%
empiezan
0%
entendiera
0%
Estuve
0%
hielo
0%
it
0%
llenos
0%
lujo
0%
montado
0%
mordido
0%
movido
0%
pa'trás
0%
poco
0%
porque
0%
prendas
0%
prisionero
0%
quemado
0%
Quizás
0%
sería
0%
sueñas
0%
tiempo
0%
No se encontraron pruebas coincidentes
Distribución de puntuación
Porcentaje de gente con cada puntuación
Porcentaje por número respondido
Historial de tus puntuaciones
No has intentado esta prueba.